[Event "Schleswig Holstein-ch Seniors op 11th"]
[Site "Buesum"]
[Date "2017.09.10"]
[Round "3"]
[White "Pamperin, Gerhard"]
[Black "Just, Fred"]
[Result "0-1"]
[WhiteElo "1927"]
[BlackElo "2121"]
[PlyCount "134"]
[EventDate "2017.09.08"]
[EventType "swiss"]
[EventRounds "9"]
[EventCountry "GER"]
[SourceTitle "EXT 2019"]
[Source "ChessBase"]
[SourceDate "2018.10.10"]
[SourceVersion "1"]
[SourceVersionDate "2018.10.10"]
[SourceQuality "1"]

1. d4 d5 2. Nf3 Nf6 3. c4 e6 4. Nc3 Be7 5. Bg5 Nbd7 6. e3 c6 7. Qc2 h6 8. Bh4 0-0 9. cxd5 exd5 10. Bd3 Re8 11. 0-0 Ne4 12. Bxe7 Qxe7 13. a3 f5 14. g3 Qf7 15. Be2 g5 16. Rac1 Kh8 17. h3 Qg7 18. Kh2 a6 19. Bd3 Rb8 20. b4 Qf6 21. Ne2 Qe6 22. Neg1 Qd6 23. Ne2 Kg7 24. Kh1 Ra8 25. Nd2 Nxd2 26. Qxd2 Nf6 27. Rfe1 Bd7 28. Qc2 Qe6 29. Ng1 Rad8 30. Qd1 Ne4 31. Re2 Re7 32. Nf3 f4 33. g4 fxe3 34. Rxe3 Qf6 35. Qe2 Qf4 36. Bxe4 Rxe4 37. Re1 Rde8 38. Ne5 Be6 39. Rxe4 dxe4 40. Qe3 Bd5 41. Kg1 Ra8 42. Qc3 Rf8 43. Qe3 Qf6 44. Nd7 Qe7 45. Nxf8 Qxf8 46. Qg3 Qf6 47. Qe3 Kf7 48. Qc3 Kg6 49. Re3 h5 50. gxh5+ Kxh5 51. Rg3 Kh6 52. Qe3 Qf4 53. Rg4 Qxe3 54. fxe3 Kg6 55. h4 Kh5 56. Rxg5+ Kxh4 57. Rg7 b5 58. Rb7 Kg3 59. Rh7 Kf3 60. Rh3+ Ke2 61. Kg2 Kd2 62. Kf2 Kc3 63. Rh7 Kb3 64. Ra7 Kxa3 65. Rxa6+ Kxb4 66. Ke2 Kc3 67. Ra3+ Kc2 0-1

[Event "Schleswig Holstein-ch Seniors op 11th"]
[Site "Buesum"]
[Date "2017.09.09"]
[Round "2"]
[White "Just, Fred"]
[Black "Hellwege, Werner"]
[Result "1-0"]
[WhiteElo "2121"]
[BlackElo "1929"]
[PlyCount "68"]
[EventDate "2017.09.08"]
[EventType "swiss"]
[EventRounds "9"]
[EventCountry "GER"]
[SourceTitle "EXT 2019"]
[Source "ChessBase"]
[SourceDate "2018.10.10"]
[SourceVersion "1"]
[SourceVersionDate "2018.10.10"]
[SourceQuality "1"]

1. d4 Nf6 2. Nf3 e6 3. c4 d5 4. e3 c6 5. Nc3 Nbd7 6. Qc2 Bd6 7. Be2 0-0 8. 0-0 dxc4 9. Bxc4 e5 10. Rd1 Qe7 11. dxe5 Nxe5 12. Nxe5 Bxe5 13. f4 Bxc3 14. bxc3 Bg4 15. Re1 Ne4 16. Bd3 Rfe8 17. h3 Bd7 18. Rb1 b6 19. Rb4 f5 20. Bxe4 fxe4 21. Rd4 Rad8 22. Red1 Bc8 23. Kh2 Rd7 24. Qa4 Rxd4 25. Rxd4 b5 26. Qc2 Bb7 27. Qb3+ Kh8 28. Ba3 Qc7 29. Bd6 Qc8 30. Qf7 c5 31. Rd2 Rg8 32. Be5 Bc6 33. Rd6 Qe8 34. Qxa7 b4 1-0

[Event "Schleswig Holstein-ch Seniors op 10th"]
[Site "Buesum"]
[Date "2016.09.30"]
[Round "5"]
[White "Just, Fred"]
[Black "Kierzek, Matthias"]
[Result "1/2-1/2"]
[WhiteElo "2130"]
[BlackElo "2199"]
[PlyCount "54"]
[EventDate "2016.09.26"]
[EventType "swiss"]
[EventRounds "9"]
[EventCountry "GER"]
[SourceTitle "EXT 2019"]
[Source "ChessBase"]
[SourceDate "2018.10.10"]
[SourceVersion "1"]
[SourceVersionDate "2018.10.10"]
[SourceQuality "1"]

1. d4 d5 2. c4 c6 3. Nc3 Nf6 4. Nf3 dxc4 5. a4 Bf5 6. e3 e6 7. Bxc4 Bb4 8. 0-0 Nbd7 9. Qe2 Bg6 10. Bd2 0-0 11. Ne4 Bxd2 12. Nxf6+ Qxf6 13. Qxd2 Bh5 14. Be2 Rfd8 15. Qc3 e5 16. dxe5 Nxe5 17. Nxe5 Bxe2 18. Rfe1 Bh5 19. f4 Qe6 20. e4 f6 21. Nf3 Bxf3 22. Qxf3 Rd2 23. Rad1 Rxb2 24. e5 fxe5 25. Rxe5 Qf6 26. Qc3 Rb6 27. Qe3 Rf8 1/2-1/2

[Event "Schleswig Holstein-ch Seniors op 10th"]
[Site "Buesum"]
[Date "2016.09.28"]
[Round "3"]
[White "Bars, Joachim"]
[Black "Just, Fred"]
[Result "0-1"]
[WhiteElo "1920"]
[BlackElo "2130"]
[PlyCount "134"]
[EventDate "2016.09.26"]
[EventType "swiss"]
[EventRounds "9"]
[EventCountry "GER"]
[SourceTitle "EXT 2019"]
[Source "ChessBase"]
[SourceDate "2018.10.10"]
[SourceVersion "1"]
[SourceVersionDate "2018.10.10"]
[SourceQuality "1"]

1. d4 d5 2. c4 c6 3. Nf3 Nf6 4. e3 e6 5. Nc3 Nbd7 6. a3 Bd6 7. cxd5 exd5 8. Bd3 0-0 9. 0-0 Re8 10. Qc2 Nf8 11. h3 Qe7 12. Bf5 Ng6 13. Re1 a6 14. Bxc8 Raxc8 15. b4 Bb8 16. Bb2 Ne4 17. Nxe4 dxe4 18. Nh2 Nh4 19. Qc5 Bd6 20. Qh5 g6 21. Qg4 h5 22. Qe2 Qg5 23. f4 exf3 24. Nxf3 Nxf3+ 25. Qxf3 Qg3 26. Qxg3 Bxg3 27. Re2 Re4 28. Rd1 Rd8 29. Rd3 f5 30. Kf1 Kf7 31. Bc3 Rde8 32. Be1 Bf4 33. Bf2 Bg5 34. g3 Rd8 35. Kg2 Rd5 36. Rc2 Be7 37. h4 Bd6 38. Kf3 Re8 39. Be1 Ke6 40. Re2 Kd7 41. e4 fxe4+ 42. Rxe4 Rxe4 43. Kxe4 Ke6 44. Rf3 Rf5 45. Re3 Rf1 46. Re2 Rf5 47. Re3 Rb5 48. Rf3 Rf5 49. Re3 Be7 50. Kd3+ Kd7 51. Ke4 Bd8 52. Rf3 Ke6 53. Re3 Kd6 54. Re2 Rf7 55. Kd3 Rf3+ 56. Re3 Rxe3+ 57. Kxe3 Kd5 58. Kd3 Bc7 59. Bf2 a5 60. bxa5 Bxa5 61. a4 b5 62. axb5 cxb5 63. Be3 Bc7 64. Bf2 Bd6 65. Be1 Ba3 66. Bf2 Bb2 67. Be3 Ba1 0-1

[Event "WchT Seniors 50"]
[Site "Radebeul"]
[Date "2016.06.28"]
[Round "3.4"]
[White "Glasewald, Stefan"]
[Black "Just, Fred"]
[Result "1/2-1/2"]
[WhiteElo "2045"]
[BlackElo "2152"]
[PlyCount "53"]
[EventDate "2016.06.26"]
[EventType "team-swiss"]
[EventRounds "9"]
[EventCountry "GER"]
[SourceTitle "CBM 173 Extra"]
[Source "ChessBase"]
[SourceDate "2016.08.29"]
[SourceVersion "1"]
[SourceVersionDate "2016.08.29"]
[SourceQuality "1"]
[WhiteTeam "Dresden Striesen"]
[BlackTeam "Zeitz Schachfreunde"]
[WhiteTeamCountry "GER"]
[BlackTeamCountry "GER"]

1. d4 d5 2. Nc3 Nf6 3. Bg5 Nbd7 4. Nf3 e6 5. e4 dxe4 6. Nxe4 Be7 7. Nxf6+ Bxf6 8. Qd2 Bxg5 9. Qxg5 Qxg5 10. Nxg5 Nf6 11. Bd3 Bd7 12. 0-0 Bc6 13. Rfe1 Rd8 14. c3 0-0 15. Ne4 Nd5 16. Nd2 Rfe8 17. Nc4 Nf4 18. Bf1 Bb5 19. g3 Bxc4 20. Bxc4 Nd5 21. Bxd5 Rxd5 22. f4 c5 23. dxc5 Rxc5 24. Rad1 Rec8 25. Rd7 R5c7 26. Red1 Kf8 27. Kf2 1/2-1/2

[Event "MVP-ch Seniors op 15th"]
[Site "Binz"]
[Date "2015.12.02"]
[Round "9.15"]
[White "Dahlhaus, Friedhelm"]
[Black "Just, Fred"]
[Result "1/2-1/2"]
[WhiteElo "1899"]
[BlackElo "2019"]
[PlyCount "40"]
[EventDate "2015.11.24"]
[EventType "swiss"]
[EventRounds "9"]
[EventCountry "GER"]
[SourceTitle "EXT 2017"]
[Source "ChessBase"]
[SourceDate "2016.10.25"]
[SourceVersion "1"]
[SourceVersionDate "2016.10.25"]
[SourceQuality "1"]

1. e4 c6 2. d4 d5 3. exd5 cxd5 4. c4 Nf6 5. Nc3 e6 6. Nf3 Be7 7. cxd5 exd5 8. Ne5 Nc6 9. Bb5 Bd7 10. 0-0 0-0 11. Re1 Re8 12. Bg5 a6 13. Ba4 Nxe5 14. dxe5 Bxa4 15. Qxa4 Ne4 16. Nxe4 Bxg5 17. Nd6 Re6 18. Qd4 Be7 19. Nf5 g6 20. Nxe7+ Rxe7 1/2-1/2

[Event "MVP-ch Seniors op 15th"]
[Site "Binz"]
[Date "2015.11.29"]
[Round "6.3"]
[White "Just, Fred"]
[Black "Schumacher, Gottfried"]
[Result "0-1"]
[WhiteElo "2019"]
[BlackElo "2162"]
[PlyCount "94"]
[EventDate "2015.11.24"]
[EventType "swiss"]
[EventRounds "9"]
[EventCountry "GER"]
[SourceTitle "EXT 2017"]
[Source "ChessBase"]
[SourceDate "2016.10.25"]
[SourceVersion "1"]
[SourceVersionDate "2016.10.25"]
[SourceQuality "1"]

1. d4 e6 2. Nf3 c5 3. e3 Nf6 4. c4 cxd4 5. exd4 d5 6. Nc3 Nc6 7. Be2 dxc4 8. Bxc4 a6 9. 0-0 b5 10. Bb3 Na5 11. Bc2 Bb7 12. Qe2 Be7 13. Rd1 Rc8 14. Ne5 0-0 15. Bf4 Nc4 16. Bb3 Nd5 17. Nxd5 Qxd5 18. f3 Bf6 19. Kh1 Rfd8 20. Rac1 h5 21. h3 g5 22. Bh2 Kg7 23. Nxc4 bxc4 24. Rxc4 Rxc4 25. Bxc4 Qa5 26. Qe3 Kg6 27. b3 Qxa2 28. Be5 Be7 29. Bc7 Rd7 30. Bd3+ Kg7 31. Be5+ Kf8 32. h4 f6 33. Bg3 Qxb3 34. hxg5 Qxd1+ 35. Kh2 fxg5 36. Be5 Bd6 37. Bxd6+ Rxd6 38. Qe5 Ke7 39. Qxg5+ Kd7 40. Qg7+ Kc8 41. Qf8+ Rd8 42. Qc5+ Kd7 43. Bg6 Qd2 44. Qa7 Kc8 45. Qc5+ Kb8 46. Qe5+ Ka7 47. Qc5+ Ka8 0-1

[Event "MVP-ch Seniors op 13th"]
[Site "Binz"]
[Date "2013.12.04"]
[Round "8"]
[White "Just, Fred"]
[Black "Gerhardt, Peter Michael"]
[Result "1/2-1/2"]
[WhiteElo "2027"]
[BlackElo "1870"]
[PlyCount "30"]
[EventDate "2013.11.27"]
[EventType "swiss"]
[EventRounds "9"]
[EventCountry "GER"]
[SourceTitle "EXT 2015"]
[Source "ChessBase"]
[SourceDate "2014.11.20"]
[SourceVersion "1"]
[SourceVersionDate "2014.11.20"]
[SourceQuality "1"]

1. d4 Nf6 2. Nf3 g6 3. Nbd2 d5 4. e3 Bg7 5. c4 0-0 6. Be2 Nbd7 7. 0-0 c5 8. b3 b6 9. Bb2 Bb7 10. Qc2 Rc8 11. Rad1 cxd4 12. exd4 dxc4 13. bxc4 Nd5 14. Rfe1 Qc7 15. Bf1 b5 1/2-1/2

[Event "MVP-ch Seniors op 13th"]
[Site "Binz"]
[Date "2013.12.03"]
[Round "7"]
[White "Kirmas, Joachim"]
[Black "Just, Fred"]
[Result "1/2-1/2"]
[WhiteElo "1864"]
[BlackElo "2027"]
[PlyCount "50"]
[EventDate "2013.11.27"]
[EventType "swiss"]
[EventRounds "9"]
[EventCountry "GER"]
[SourceTitle "EXT 2015"]
[Source "ChessBase"]
[SourceDate "2014.11.20"]
[SourceVersion "1"]
[SourceVersionDate "2014.11.20"]
[SourceQuality "1"]

1. e4 c6 2. Nf3 d5 3. e5 Bg4 4. d4 e6 5. c3 Nd7 6. Nbd2 Ne7 7. Qa4 a6 8. b4 b5 9. Qc2 Nb6 10. Bb2 Bf5 11. Bd3 Bg6 12. h4 Nc4 13. Bxg6 hxg6 14. a4 Nb6 15. axb5 axb5 16. 0-0 Nf5 17. Rxa8 Qxa8 18. g3 Be7 19. Kg2 Qb7 20. Nb3 Kd7 21. Na5 Qc7 22. Bc1 Ra8 23. Bg5 Bf8 24. Rh1 Nc4 25. Nxc4 bxc4 1/2-1/2

[Event "Hessen-ch Seniors op 09th"]
[Site "Bad Sooden-Allendorf"]
[Date "2013.04.23"]
[Round "4"]
[White "Just, Fred"]
[Black "Bieberle, Gerhart"]
[Result "0-1"]
[WhiteElo "2189"]
[BlackElo "1895"]
[PlyCount "72"]
[EventDate "2013.04.20"]
[EventType "swiss"]
[EventRounds "9"]
[EventCountry "GER"]
[SourceTitle "EXT 2019"]
[Source "ChessBase"]
[SourceDate "2018.10.10"]
[SourceVersion "1"]
[SourceVersionDate "2018.10.10"]
[SourceQuality "1"]

1. d4 Nf6 2. Nf3 d5 3. g3 c5 4. c3 e6 5. Bg2 Nc6 6. 0-0 Be7 7. e3 0-0 8. Nbd2 b5 9. a4 b4 10. dxc5 Bxc5 11. Nd4 Qb6 12. N2b3 Nxd4 13. Nxc5 Qxc5 14. Qxd4 Qxd4 15. cxd4 Ba6 16. Re1 Rfc8 17. Bd2 b3 18. Bc3 Ne4 19. Bxe4 dxe4 20. Ra3 Rab8 21. a5 Rxc3 22. bxc3 b2 23. g4 b1Q 24. Rxb1 Rxb1+ 25. Kg2 g5 26. h4 h6 27. hxg5 hxg5 28. f3 exf3+ 29. Kxf3 Kg7 30. Ra4 Rc1 31. Ra3 Bb7+ 32. Kf2 Bd5 33. Ke2 Rg1 34. Ra4 Rxg4 35. e4 Bc6 36. Rb4 Rg2+ 0-1

[Event "Hessen-ch Seniors op 09th"]
[Site "Bad Sooden-Allendorf"]
[Date "2013.04.22"]
[Round "3"]
[White "Bachmann, Rolf"]
[Black "Just, Fred"]
[Result "1/2-1/2"]
[WhiteElo "2039"]
[BlackElo "2189"]
[PlyCount "56"]
[EventDate "2013.04.20"]
[EventType "swiss"]
[EventRounds "9"]
[EventCountry "GER"]
[SourceTitle "EXT 2019"]
[Source "ChessBase"]
[SourceDate "2018.10.10"]
[SourceVersion "1"]
[SourceVersionDate "2018.10.10"]
[SourceQuality "1"]

1. d4 d5 2. c4 c6 3. Nf3 Nf6 4. Nc3 e6 5. e3 Nbd7 6. Bd3 Bd6 7. 0-0 0-0 8. a3 dxc4 9. Bxc4 e5 10. h3 exd4 11. exd4 Nb6 12. Bd3 Be6 13. Re1 Nbd7 14. Ne5 Qc7 15. Nxd7 Qxd7 16. Bg5 Be7 17. Qc2 g6 18. Rad1 Rfe8 19. Bh6 Bf8 20. Bxf8 Kxf8 21. Ne4 Nxe4 22. Bxe4 Kg8 23. Qc5 a6 24. Re3 Rad8 25. Bf3 Bd5 26. Bxd5 Qxd5 27. Qxd5 cxd5 28. Rc1 Rc8 1/2-1/2

[Event "MVP-ch Seniors op 11th"]
[Site "Binz"]
[Date "2011.12.06"]
[Round "7.4"]
[White "Ofstad, Per"]
[Black "Just, Fred"]
[Result "1/2-1/2"]
[WhiteElo "2189"]
[BlackElo "2041"]
[PlyCount "112"]
[EventDate "2011.11.30"]
[EventType "swiss"]
[EventRounds "9"]
[EventCountry "GER"]
[SourceTitle "EXT 2013"]
[Source "ChessBase"]
[SourceDate "2012.11.22"]
[SourceVersion "1"]
[SourceVersionDate "2012.11.22"]
[SourceQuality "1"]

1. e4 c6 2. d4 d5 3. Nd2 g6 4. c3 Bg7 5. Ngf3 dxe4 6. Nxe4 Qd5 7. Bd3 Bg4 8. h3 Bxf3 9. Qxf3 Nd7 10. 0-0 Ngf6 11. Re1 0-0 12. b3 Nxe4 13. Bxe4 Qa5 14. b4 Qc7 15. Bf4 e5 16. dxe5 Nxe5 17. Qg3 Rfe8 18. Re2 Re7 19. Rae1 Rae8 20. Bc2 f6 21. Bxe5 Rxe5 22. Rxe5 Rxe5 23. Bb3+ Kf8 24. Rxe5 Qxe5 25. Qd3 Ke7 26. Qc4 f5 27. f4 Qxc3 28. Qe6+ Kd8 29. Qd6+ Ke8 30. Qb8+ Kd7 31. Qxb7+ Kd6 32. Qb8+ Kd7 33. Qxa7+ Kd6 34. Qb8+ Kd7 35. Kh2 Qa1 36. Qb7+ Kd6 37. b5 cxb5 38. Qd5+ Ke7 39. Qe6+ Kd8 40. Qd6+ Ke8 41. Qe6+ Kd8 42. Qb6+ Ke7 43. Qc7+ Ke8 44. Bf7+ Kf8 45. Bd5 Qf6 46. Qc8+ Ke7 47. Qc7+ Kf8 48. Qb8+ Ke7 49. Qc7+ Kf8 50. Qc5+ Qe7 51. Qc8+ Qe8 52. Qxe8+ Kxe8 53. Bc6+ Ke7 54. Bxb5 Bc3 55. Kg3 Kf6 56. Kf3 Bd2 1/2-1/2

[Event "MVP-ch Seniors op 11th"]
[Site "Binz"]
[Date "2011.12.04"]
[Round "5.18"]
[White "Hellwege, Werner"]
[Black "Just, Fred"]
[Result "0-1"]
[WhiteElo "1871"]
[BlackElo "2041"]
[PlyCount "78"]
[EventDate "2011.11.30"]
[EventType "swiss"]
[EventRounds "9"]
[EventCountry "GER"]
[SourceTitle "EXT 2013"]
[Source "ChessBase"]
[SourceDate "2012.11.22"]
[SourceVersion "1"]
[SourceVersionDate "2012.11.22"]
[SourceQuality "1"]

1. d4 d5 2. Nf3 Nf6 3. g3 Bf5 4. c4 c6 5. Bg2 e6 6. 0-0 Nbd7 7. Nc3 Be7 8. b3 0-0 9. Bb2 Rc8 10. Nh4 Bg4 11. Qd2 Bh5 12. Rac1 Re8 13. Nf3 Bb4 14. Qf4 Qe7 15. e3 Bd6 16. Qh4 Nf8 17. Ne5 Ng6 18. Nxg6 Bxg6 19. e4 Nxe4 20. Qxe7 Bxe7 21. Nxe4 Bxe4 22. Bxe4 dxe4 23. Rfe1 f5 24. h4 Rcd8 25. f3 Bb4 26. Re2 exf3 27. Rf2 g6 28. Rxf3 Ba5 29. Rff1 Bb6 30. Rcd1 e5 31. c5 Bc7 32. dxe5 Rxd1 33. Rxd1 Kf7 34. Re1 Ke6 35. b4 Rd8 36. Re2 Rd3 37. Kg2 a5 38. a3 axb4 39. axb4 Rb3 0-1

[Event "Hessen-ch Seniors op 07th"]
[Site "Bad Sooden-Allendorf"]
[Date "2011.05.07"]
[Round "8"]
[White "Just, Fred"]
[Black "Kahn, Peter"]
[Result "1/2-1/2"]
[WhiteElo "2051"]
[BlackElo "1974"]
[PlyCount "100"]
[EventDate "2011.04.30"]
[EventType "swiss"]
[EventRounds "9"]
[EventCountry "GER"]
[SourceTitle "EXT 2012"]
[Source "ChessBase"]
[SourceDate "2011.11.24"]
[SourceVersion "1"]
[SourceVersionDate "2011.11.24"]
[SourceQuality "1"]

1. Nf3 d5 2. e3 Nf6 3. c4 c6 4. b3 Bg4 5. Bb2 Nbd7 6. Be2 e6 7. h3 Bf5 8. d3 Bd6 9. Nbd2 h6 10. 0-0 0-0 11. Qc2 e5 12. e4 Bh7 13. exd5 cxd5 14. cxd5 Rc8 15. Qd1 Nxd5 16. Nc4 Qe7 17. Nfd2 Bb8 18. Ba3 Nb4 19. Bg4 f5 20. Bf3 Nf6 21. Re1 e4 22. dxe4 fxe4 23. Bxb4 Qxb4 24. Nxe4 Nxe4 25. Bxe4 Bxe4 26. Rxe4 Rcd8 27. Qg4 Qc3 28. Rae1 b5 29. Ne5 Rde8 30. Qe2 Rd8 31. Qxb5 Qb2 32. Qf1 Bxe5 33. Rxe5 Qxa2 34. Qc4+ Kh7 35. R1e2 Qa1+ 36. Kh2 Qa3 37. Re6 Rc8 38. Qd3+ Kg8 39. Qd5 Kh7 40. Qd3+ Kh8 41. Re7 Qc5 42. Qg6 Rg8 43. R2e6 Qc1 44. Rf7 Rcf8 45. Ree7 Rxf7 46. Qxf7 a5 47. Qe6 Qf4+ 48. Kg1 Rf8 49. Qe3 Qb4 50. Kh2 Rxf2 1/2-1/2

[Event "Hessen-ch Seniors op 07th"]
[Site "Bad Sooden-Allendorf"]
[Date "2011.05.06"]
[Round "7"]
[White "Jongsma, Alexander"]
[Black "Just, Fred"]
[Result "1-0"]
[WhiteElo "2189"]
[BlackElo "2051"]
[PlyCount "107"]
[EventDate "2011.04.30"]
[EventType "swiss"]
[EventRounds "9"]
[EventCountry "GER"]
[SourceTitle "EXT 2012"]
[Source "ChessBase"]
[SourceDate "2011.11.24"]
[SourceVersion "1"]
[SourceVersionDate "2011.11.24"]
[SourceQuality "1"]

1. e4 d5 2. Nc3 dxe4 3. Nxe4 Nd7 4. Bc4 e6 5. Nf3 Ngf6 6. Qe2 Nxe4 7. Qxe4 Bd6 8. d4 Nf6 9. Qe2 0-0 10. Bg5 Bb4+ 11. c3 Be7 12. 0-0-0 Bd7 13. Ne5 Bc6 14. Nxc6 bxc6 15. h4 Nd5 16. Qg4 f5 17. Qg3 Qd6 18. Bxe7 Qxe7 19. Rhe1 Rf6 20. Qf3 Qd6 21. Re5 a5 22. Rde1 Rb8 23. Bb3 h6 24. g3 Kf8 25. R1e2 Rd8 26. c4 Ne7 27. Rd2 Qb4 28. a3 Qb7 29. Rxa5 Qb6 30. Qc3 c5 31. Rxc5 f4 32. g4 f3 33. Rb5 Qd6 34. Re5 Ng6 35. g5 hxg5 36. hxg5 Rf4 37. c5 Qe7 38. Rxe6 Qxg5 39. Qe3 Nh4 40. Re4 Ng2 41. Rxf4+ Nxf4 42. Qxf3 Qf6 43. Qc3 Re8 44. Bc4 Re1+ 45. Kc2 Qg6+ 46. Kb3 Qe4 47. Qc2 Qb7+ 48. Ka2 Nd5 49. Qf5+ Nf6 50. d5 Re4 51. Bb3 Qb5 52. d6 cxd6 53. Rxd6 Qe8 54. Rxf6+ 1-0

[Event "Hessen-ch Seniors op 07th"]
[Site "Bad Sooden-Allendorf"]
[Date "2011.05.02"]
[Round "3"]
[White "Josting, Friedel"]
[Black "Just, Fred"]
[Result "0-1"]
[WhiteElo "1819"]
[BlackElo "2051"]
[PlyCount "96"]
[EventDate "2011.04.30"]
[EventType "swiss"]
[EventRounds "9"]
[EventCountry "GER"]
[SourceTitle "EXT 2012"]
[Source "ChessBase"]
[SourceDate "2011.11.24"]
[SourceVersion "1"]
[SourceVersionDate "2011.11.24"]
[SourceQuality "1"]

1. Nf3 d5 2. d4 Nf6 3. Bf4 c5 4. c3 Qb6 5. Qc1 Bf5 6. e3 e6 7. Be2 Nc6 8. 0-0 Rc8 9. a3 Be7 10. h3 0-0 11. Nbd2 h6 12. Ne5 cxd4 13. Nxc6 bxc6 14. exd4 c5 15. Nf3 Bd6 16. Bxd6 Qxd6 17. Rd1 Be4 18. Qd2 c4 19. g4 Bh7 20. g5 Ne4 21. Qe3 hxg5 22. Nxg5 Rb8 23. Nxh7 Kxh7 24. Rab1 f5 25. Kh1 Rf6 26. Rg1 Rh6 27. Bf1 g5 28. f3 Ng3+ 29. Kg2 Kg6 30. Kf2 f4 31. Qe1 Kf6 32. Qd1 Rb3 33. Qe1 Rh8 34. Qd1 Rhb8 35. Qc2 Qb6 36. Rg2 Rxb2 37. Rxb2 Qxb2 38. Kg1 Qxc2 39. Rxc2 Rb1 40. Rf2 Nf5 41. Kh2 Ne3 42. Bg2 Rb3 43. a4 Rxc3 44. Rb2 Rb3 45. Rf2 c3 46. Bf1 Rb2 47. Rxb2 cxb2 48. Bd3 Nd1 0-1

[Event "Hessen-ch Seniors op 05th"]
[Site "Bad Sooden-Allendorf"]
[Date "2009.05.01"]
[Round "7"]
[White "Hunold, Rolf"]
[Black "Just, Fred"]
[Result "1-0"]
[WhiteElo "1970"]
[BlackElo "2027"]
[PlyCount "91"]
[EventDate "2009.04.25"]
[EventType "swiss"]
[EventRounds "9"]
[EventCountry "GER"]
[SourceTitle "EXT 2022"]
[Source "ChessBase"]
[SourceDate "2021.10.06"]
[SourceVersion "1"]
[SourceVersionDate "2021.10.06"]
[SourceQuality "1"]

1. e4 e6 2. d4 d5 3. Nd2 Nf6 4. e5 Nfd7 5. Bd3 c5 6. c3 Nc6 7. Ne2 Qa5 8. 0-0 b5 9. f4 g6 10. Nf3 Qb6 11. Be3 c4 12. Bc2 b4 13. Qd2 a5 14. g4 f5 15. exf6 Nxf6 16. h3 Ba6 17. Ng3 b3 18. axb3 cxb3 19. Bd3 Bd6 20. Ne5 Ra7 21. Kg2 0-0 22. Ra4 Nd7 23. Rfa1 Ndxe5 24. fxe5 Be7 25. Ne2 Bb5 26. Bxb5 Qxb5 27. Bh6 Rf7 28. Nf4 Bh4 29. Qd3 Rab7 30. Qxb5 Rxb5 31. Nd3 Be7 32. Nf4 Bh4 33. Rf1 Nd8 34. Raa1 g5 35. Nh5 Rbb7 36. Nf6+ Rxf6 37. Rxf6 Rf7 38. Rxa5 Rxf6 39. exf6 Kf7 40. Bg7 Be1 41. Rb5 Nc6 42. Rxb3 Na5 43. Rb8 Nc4 44. Rb7+ Kg6 45. Bh8 Nd6 46. Rg7+ 1-0

[Event "Mecklenburg VP-ch Seniors op 08th"]
[Site "Plau am See"]
[Date "2008.10.09"]
[Round "4"]
[White "Just, Fred"]
[Black "Jasinski, Viktor"]
[Result "1-0"]
[WhiteElo "2045"]
[BlackElo "1692"]
[PlyCount "85"]
[EventDate "2008.10.06"]
[EventType "swiss"]
[EventRounds "9"]
[EventCountry "GER"]
[SourceTitle "EXT 2022"]
[Source "ChessBase"]
[SourceDate "2021.10.06"]
[SourceVersion "1"]
[SourceVersionDate "2021.10.06"]
[SourceQuality "1"]

1. d4 Nf6 2. Nf3 e6 3. g3 b6 4. Bg2 Bb7 5. 0-0 Be7 6. c4 0-0 7. Nc3 d5 8. Ne5 Nbd7 9. Bf4 Nxe5 10. dxe5 Ne4 11. Nxe4 dxe4 12. Qc2 Bg5 13. Rad1 Qe7 14. Bxg5 Qxg5 15. Bxe4 Bxe4 16. Qxe4 Rad8 17. h4 Qf5 18. Qxf5 exf5 19. e3 Rfe8 20. Rd4 c5 21. Rdd1 Kf8 22. f4 Ke7 23. Kf2 Ke6 24. Ke2 f6 25. exf6 Kxf6 26. Rxd8 Rxd8 27. Rg1 h5 28. Rd1 Rxd1 29. Kxd1 g6 30. Kc2 Ke6 31. Kd3 a6 32. a3 Kd6 33. e4 fxe4+ 34. Kxe4 Ke6 35. f5+ gxf5+ 36. Kf4 Kf6 37. a4 a5 38. b3 Ke6 39. Kg5 Ke5 40. Kxh5 f4 41. gxf4+ Kf5 42. Kh6 Kf6 43. h5 1-0

[Event "GER-ch Seniors-A 20th"]
[Site "Erfurt"]
[Date "2008.08.07"]
[Round "3"]
[White "Just, Fred"]
[Black "Perk, Egbert"]
[Result "1-0"]
[WhiteElo "2073"]
[BlackElo "1839"]
[PlyCount "92"]
[EventDate "2008.08.05"]
[EventType "swiss"]
[EventRounds "9"]
[EventCountry "GER"]
[SourceTitle "CBM 126 Extra"]
[Source "ChessBase"]
[SourceDate "2008.11.05"]
[SourceVersion "1"]
[SourceVersionDate "2008.11.05"]
[SourceQuality "1"]

1. d4 d6 2. Nf3 Nf6 3. g3 c6 4. Bg2 Nbd7 5. Nc3 e5 6. e4 Be7 7. 0-0 0-0 8. a4 a5 9. b3 Re8 10. Bb2 Qc7 11. h3 Bf8 12. Re1 g6 13. Qd2 Bg7 14. Rad1 b6 15. d5 c5 16. Nb5 Qb8 17. Bc1 h6 18. Qe2 Nf8 19. Nd2 N8h7 20. Nc4 Rd8 21. f4 Nh5 22. fxe5 dxe5 23. Qf2 Ba6 24. Rf1 Rd7 25. Bf3 Bxb5 26. axb5 N5f6 27. Kh2 Bf8 28. Qe2 a4 29. Bb2 Bd6 30. Ra1 Rda7 31. h4 axb3 32. cxb3 Rxa1 33. Rxa1 Rxa1 34. Bxa1 h5 35. Bc3 Nd7 36. Qa2 Nhf6 37. Bd2 Kg7 38. Bc1 Ng8 39. Kg2 Ngf6 40. Qd2 Ng8 41. g4 hxg4 42. Bxg4 Ndf6 43. Bf3 Nh7 44. Bb2 f6 45. Bg4 Qd8 46. Qf2 Nh6 1-0